000
00324 a2200133 4500
005
20250416071040.0
020
_a
978-9976-78-079-6
082
_a
658.15 NBA
111
_a
NBAA
245
_a
B1 Financial Management: Study Text.
260
_a
Dar es Salaam,
_b
NBAA,
_c
2019.
300
_a
556p.: ill.;
_c
29cm
942
_2
ddc
_c
BKS
999
_c
1493
_d
1493